Statistics for Abazin Ethnic Group Quiz

Click here to take the quiz!

General Stats

  • This quiz has been taken 4 times
  • The average score is 5 of 11

Answer Stats

HintAnswer% Correct
Major mountain range of the areaCaucasus
75%
Countries with the most AbazinsTurkey
75%
Countries with the most AbazinsEgypt
50%
Modern day country JetPunk recognizes as controlling the territory from which the Abazin people originatedGeorgia
50%
Countries with the most AbazinsRussia
50%
Dominant religious branch among AbazinsSunni Islam
50%
Language originally spoken by the Abazin peopleAbaza
25%
Historic (former) country of the Abazin peopleAbazinia
25%
Two main ethnic subgroups of AbazinsAshkharua
25%
Region Abazin peoples originally decended fromSadzen
25%
Two main ethnic subgroups of AbazinsTapanta
25%

Score Distribution

Percentile by Number Answered

Percent of People with Each Score

Your Score History

You have not taken this quiz